M. A. Sokolova, očerki po istorii russkogo âzyka Leningrad
Elmentve itt :
| Szerző: | |
|---|---|
| Dokumentumtípus: | Cikk |
| Megjelent: |
1964
|
| Sorozat: | Dissertationes slavicae
2 |
| Kulcsszavak: | Nyelvtudomány |
| Online Access: | http://acta.bibl.u-szeged.hu/660 |
| LEADER | 00606nab a2200181 i 4500 | ||
|---|---|---|---|
| 001 | acta660 | ||
| 005 | 20210310130108.0 | ||
| 008 | 161015s1964 hu o 0|| rus d | ||
| 022 | |a 0586-3732 | ||
| 040 | |a SZTE Egyetemi Kiadványok Repozitórium |b hun | ||
| 041 | |a rus | ||
| 100 | 2 | |a H. Tóth Imre | |
| 245 | 1 | 0 | |a M. A. Sokolova, očerki po istorii russkogo âzyka Leningrad |h [elektronikus dokumentum] / |c H. Tóth Imre |
| 260 | |c 1964 | ||
| 300 | |a 41-44 | ||
| 490 | 0 | |a Dissertationes slavicae |v 2 | |
| 695 | |a Nyelvtudomány | ||
| 856 | 4 | 0 | |u http://acta.bibl.u-szeged.hu/660/1/dissert_slav_002_041-044.pdf |z Dokumentum-elérés |